| 000 | 00894cam a2200265 4500 | ||
|---|---|---|---|
| 001 | 44995 | ||
| 010 | _a9728128541 | ||
| 021 | _b139292/99 | ||
| 090 | _a44995 | ||
| 100 | _a20000620d1999 m y0pory5003 ba | ||
| 101 | 1 |
_apor _aeng |
|
| 102 | _aPT | ||
| 200 | 1 |
_aA mobília de quarto do actor Talma _fMuseu Calouste Gulbenkian _g[ed. lit.] Maria Isabel Pereira Coutinho _gtrad. Richardt G. Trewinnard |
|
| 210 | 9 |
_aLisboa _cFundacão Calouste Gulbenkian, _d1999 |
|
| 215 |
_a24 p. _cil. _d30 cm |
||
| 305 | _aEd. bilingue em português e inglês | ||
| 601 | 0 | 2 |
_aFundacão Calouste Gulbenkian. _bMuseu |
| 675 |
_a749(=1.44)"18"(083.81) _vBN _zpor |
||
| 675 |
_a792 Talma, Fran—cois-Joseph _vBN _zpor |
||
| 675 |
_a069(469.411.16) MCG _vBN _zpor |
||
| 675 |
_a061.4 _vBN _zpor |
||
| 702 | 1 |
_aTrewinnart, _bRichard _4730 |
|
| 710 | 0 | 2 |
_aFunda—cão Calouste Gulbenkian. _bMuseu |
| 801 |
_aPT _gRPC |
||
| 990 | _cLIVROS | ||